Understanding Christian missions / (Record no. 636)

MARC details
000 -LEADER
fixed length control field 00674nam a2200241 i 4500
001 - CONTROL NUMBER
control field 4098394
003 - CONTROL NUMBER IDENTIFIER
control field GBCCL
005 - DATE AND TIME OF LATEST TRANSACTION
control field 20241126110342.0
008 - FIXED-LENGTH DATA ELEMENTS--GENERAL INFORMATION
fixed length control field 741113s1974 miu b 000 0 eng
010 ## -
-- 74081783
020 ## - INTERNATIONAL STANDARD BOOK NUMBER
International Standard Book Number 0801053447 :
Terms of availability $9.95
040 ## - CATALOGING SOURCE
Original cataloging agency DLC
Transcribing agency DLC
Modifying agency DLC
050 00 -
-- BV2061
-- .K36
082 00 - DEWEY DECIMAL CLASSIFICATION NUMBER
Classification number 266
Item number KAN
100 1# - MAIN ENTRY--PERSONAL NAME
Personal name Kane, J. Herbert.
245 10 - TITLE STATEMENT
Title Understanding Christian missions /
Statement of responsibility, etc. by J. Herbert Kane.
260 ## - PUBLICATION, DISTRIBUTION, ETC.
Place of publication, distribution, etc. Grand Rapids, Mich. :
Name of publisher, distributor, etc. Baker Book House,
Date of publication, distribution, etc. 1978
300 ## - PHYSICAL DESCRIPTION
Extent 452 p. ;
Dimensions 24 cm.
504 ## - BIBLIOGRAPHY, ETC. NOTE
Bibliography, etc. note Bibliography: p. 443-452.
650 #0 - SUBJECT ADDED ENTRY--TOPICAL TERM
Topical term or geographic name entry element Missions.
906 ## - LOCAL DATA ELEMENT F, LDF (RLIN)
a 7
b cbc
c orignew
d 2
e opcn
f 19
g y-gencatlg
942 ## - ADDED ENTRY ELEMENTS (KOHA)
Source of classification or shelving scheme Dewey Decimal Classification
Koha item type Books
Koha issues (borrowed), all copies 6
Holdings
Withdrawn status Lost status Source of classification or shelving scheme Damaged status Not for loan Home library Current Library Shelving location Date acquired Total checkouts Full call number Barcode Date last seen Date last checked out Copy number Price effective from Koha item type
    Dewey Decimal Classification     GRACE BIBLE COLLEGE GRACE BIBLE COLLEGE Ministry & Mission 2016-11-25 7 266 KAN 000511 2025-08-08 2025-08-01 c.1 2016-11-25 Books
© Grace Bible College Library 2025